| 000 | 00597cam a22002053a 4500 | ||
|---|---|---|---|
| 001 | 39130 | ||
| 003 | PGUSA | ||
| 005 | 20140828083852.0 | ||
| 008 | 120313s2012||||xxu|||||s|||||000 | eng d | ||
| 040 |
_aPGUSA _beng |
||
| 042 | _adc | ||
| 100 | 1 |
_aDuncan, Norman, _d1871-1916 |
|
| 245 | 1 | 0 |
_aDr. Grenfell's Parish : _bThe Deep Sea Fisherman _h[electronic resource] / _cNorman Duncan |
| 260 |
_bProject Gutenberg, _c2012 |
||
| 506 | _aPublic domain in the USA. | ||
| 516 | _aElectronic text | ||
| 830 | 0 |
_aProject Gutenberg _v39130 |
|
| 856 | 4 | 0 | _uhttp://www.gutenberg.org/ebooks/39130 |
| 942 | _cEB | ||
| 999 |
_c268383 _d268383 |
||